000 00559nam a2200193Ia 4500
003 GCL
008 140319s9999 xx 000 0 eng d
040 _aGCL /
_cGCL
082 0 4 _aCC
_b932
_bP A
100 1 _aPETRIE, FLINDERS
245 1 0 _aA HISTORY OF EGYPT FROM THE XIX TO THE XXX TH DYNASTIES /
_cPETRIE, FLINDERS
260 _a[S.N] :
_bMETHUEN AND CO L T D ،
_c1924
300 _a353 P
650 0 4 _aANCIENT EGYPT - HISTORY
650 0 4 _aEIGHTEENTH DYNASTY
650 0 4 _aEGYPT - CIVILIZATION
650 0 4 _aSEVENTEENTH DYNASITY
942 _2ddc
_cBK
999 _c19619
_d19619